Mal viatge / Francesc Lucchetti ; introducció de Josep M. Benet i Jornet
Descripción Física:
67 p. ; 18 cm
Colección:
Biblioteca teatral ; 72
Otros Autores:
Benet i Jornet, Josep M., 1940-2020
MARC
| LEADER | 00000nam a2200000Ia 4500 | ||
|---|---|---|---|
| 001 | 8916 | ||
| 008 | 160829s1990 xx 000 0 cat d | ||
| 080 | |a L-1-257 | ||
| 100 | |a Lucchetti Farré, Francesc |9 25097 | ||
| 245 | |a Mal viatge / Francesc Lucchetti ; introducció de Josep M. Benet i Jornet | ||
| 260 | |a Barcelona : |b Institut del Teatre de la Diputació de Barcelona, |c 1990 | ||
| 300 | |a 67 p. ; |c 18 cm | ||
| 490 | |a Biblioteca teatral ; 72 | ||
| 700 | 1 | |a Benet i Jornet, Josep M., |d 1940-2020 |9 25098 | |
| 710 | 1 | |a Institut del Teatre (Barcelona, Catalunya) |9 52662 | |
| 901 | |a Arxiu | ||
| 942 | |n 1 | ||
| 952 | |0 0 |1 0 |4 0 |6 L1257 |7 1 |9 43445 |a Arxiu |b Arxiu |d 2016-12-01 |l 0 |o L-1-257 |p 8916 |r 2016-12-01 00:00:00 |w 2016-12-01 |y ARXIU | ||
| 999 | |c 45991 |d 45991 | ||